000 00483nam a2200169 4500
999 _c4881
_d4881
008 200908b ||||| |||| 00| 0 eng d
020 _a0750606118
082 0 0 _a621.4025
_bB8648
100 _93922
_aBrodowiez, Kazimierz
245 1 0 _aHeat pumps /
_cby Kazimierz Brodowiez and Tomasz Dyakowski
250 _a1st ed.
260 _aOxford:
_bButterworth Heinemann,
_c1993.
300 _avii, 210 p.
650 0 _aHeat Pumps
700 _93923
_aDyakowski, Tomasz
942 _2ddc
_cBK